Good Luck, Babe! - Chappell Roan (All Lyrics) - Statistics

General Stats
  • This quiz has been taken 75 times
  • The average score is 417 of 455
Answer Stats
Lyrics % Correct
a
98%
an
98%
can
98%
I
98%
"I
98%
it
98%
the
98%
You
98%
you
98%
are
97%
babe
97%
Good
97%
good
97%
in
97%
It's
97%
it's
97%
just
97%
luck,
97%
luck)
97%
to
97%
And
95%
boys
95%
feeling
95%
love
95%
not
95%
say
95%
say,
95%
that
95%
way
95%
we
95%
another
94%
bars
94%
but
94%
But
94%
kiss
94%
night
94%
of
94%
so"
94%
so
94%
so)
94%
stop
94%
When
94%
when
94%
who
94%
him
92%
hundred
92%
me
92%
middle
92%
next
92%
than
92%
up
92%
wake
92%
your
92%
fine,
91%
hands,
91%
I'm
91%
know
91%
more
91%
nothing,
91%
nothing
91%
Think
91%
think
91%
told
91%
you're
91%
You're
91%
about
89%
cool
89%
hate
89%
head
89%
his
89%
shot,
89%
try
89%
(Well,
89%
Well,
89%
wife
89%
With
89%
with
89%
"baby"
88%
call
88%
don't
88%
Make
88%
off
88%
reason
88%
truth
88%
wanna
88%
all
86%
Shoot
86%
world
86%
years
86%
ago
84%
be
84%
fool
84%
have
84%
stupid
84%
excuse,
83%
new
83%
one
83%
car
81%
little
81%
those
81%
You'd
81%
face
80%
guess
80%
need
80%
oh
80%
someone
80%
affair
78%
calls
78%
standing
78%
arms
77%
kind
77%
fair
75%
like
75%
angel
73%
explicit
73%
out
73%
sexually
73%
gonna
70%
her
70%
lovin',
70%
if
67%
only
67%
cares
66%
sunroof
66%
cry,
64%
Even
63%
through
63%
yeah,
58%
air
56%
'nother
56%
Ah,
50%
ah
50%
cliché,
42%
No matching quizzes found
Score Distribution
Percent of People with Each Score
Percentile by Number Answered
Your Score History
You have not taken this quiz